Countries of the World - With a player in MLB 2017 - Statistics

General Stats
  • This quiz has been taken 80 times
  • The average score is 16 of 22
Answer Stats
Continent Answer % Correct
Asia Japan
99%
N.America United States of America
99%
Asia South Korea
96%
N.America Canada
95%
N.America Mexico
95%
N.America Dominican Republic
91%
N.America Cuba
87%
S.America Brazil
86%
S.America Venezuela
84%
Europe Germany
82%
Oceania Australia
79%
N.America Panama
75%
N.America * Puerto Rico
73%
S.America Colombia
70%
Europe Netherlands
70%
Africa South Africa
68%
Asia Taiwan
65%
N.America Nicaragua
53%
N.America * Aruba
42%
N.America * Curacao
34%
N.America * United States Virgin Islands
18%
Europe Lithuania
17%
No matching quizzes found
Score Distribution
Percent of People with Each Score
Percentile by Number Answered
Your Score History
You have not taken this quiz